Statistics for Countries, US States and Capitals on the World Map by first Two Letters in Two Minutes

Click here to take the quiz!

General Stats

  • This quiz has been taken 43,660 times
  • The average score is 330 of 495

Answer Stats

Answer % Correct
Canada
96%
Cameroon
96%
Cambodia
96%
California
96%
Canberra
96%
Cape Town
96%
Castries
96%
Carson City
96%
Caracas
96%
Cape Verde
96%
Cairo
96%
Moldova
94%
Monaco
94%
Mogadishu
94%
Morocco
94%
Monaco
94%
Moroni
94%
Moscow
94%
Mozambique
94%
Montgomery
94%
Montpelier
94%
Montevideo
94%
Mongolia
94%
Monrovia
94%
Montana
94%
Montenegro
94%
Maine
93%
Majuro
93%
Madrid
93%
Malabo
93%
Macedonia
93%
Madagascar
93%
Manila
93%
Maryland
93%
Marshall Islands
93%
Maseru
93%
Massachusetts
93%
Mauritius
93%
Mauritania
93%
Maputo
93%
Manama
93%
Maldives
93%
Malaysia
93%
Male
93%
Mali
93%
Managua
93%
Malta
93%
Malawi
93%
Madison
93%
China
92%
Cheyenne
92%
Charleston
92%
Chad
92%
Chisinau
92%
Chile
92%
Albania
91%
Albany
91%
Algeria
91%
Alabama
91%
Alaska
91%
Algiers
91%
North Carolina
90%
New Zealand
90%
New Hampshire
90%
North Dakota
90%
North Korea
90%
Nouakchott
90%
Norway
90%
New Mexico
90%
New York
90%
New Jersey
90%
New Delhi
90%
Netherlands
90%
Nevada
90%
Nebraska
90%
Nepal
90%
Saint Lucia
89%
Saint Kitts and Nevis
89%
Sacramento
89%
Saint Paul
89%
Saint John's
89%
Saint George's
89%
São Tomé and Príncipe
89%
Sarajevo
89%
Saudi Arabia
89%
Saint Vincent and the
Grenadines
89%
Santo Domingo
89%
Santa Fe
89%
Santiago
89%
Sofia
89%
Solomon Islands
89%
South Korea
89%
South Sudan
89%
South Dakota
89%
South Carolina
89%
Somalia
89%
South Africa
89%
Sana'a
89%
Sao Tome
89%
Brunei
89%
Bridgetown
89%
Brussels
89%
San Salvador
89%
Salem
89%
Salt Lake City
89%
Brazzaville
89%
Samoa
89%
San Marino
89%
Brazil
89%
San Jose
89%
San Marino
89%
Brasilia
89%
Bratislava
89%
Armenia
88%
Augusta
88%
Austin
88%
Australia
88%
Arkansas
88%
Mexico
88%
Austria
88%
Melekeok
88%
Argentina
88%
Arizona
88%
Mexico City
88%
Columbia
88%
Colorado
88%
Colombia
88%
Costa Rica
88%
Columbus
88%
Comoros
88%
Copenhagen
88%
Connecticut
88%
Concord
88%
Côte d'Ivoire
88%
Conakry
88%
India
86%
Indiana
86%
Panama
86%
Palikir
86%
Panama City
86%
Papua New Guinea
86%
Paris
86%
Paramaribo
86%
Paraguay
86%
Palau
86%
Indonesia
86%
Pakistan
86%
Indianapolis
86%
Libreville
85%
Lima
85%
Lisbon
85%
Little Rock
85%
Libya
85%
Lincoln
85%
Lilongwe
85%
Liechtenstein
85%
Liberia
85%
Lithuania
85%
Russia
84%
Denver
84%
Delaware
84%
Denmark
84%
Kabul
84%
Kansas
84%
Kampala
84%
Kathmandu
84%
Kazakhstan
84%
D. R. Congo
84%
Des Moines
84%
Georgetown
82%
Germany
82%
Georgia
82%
Georgia
82%
Boise
81%
Botswana
81%
Bolivia
81%
Boston
81%
Bosnia and
Herzegovina
81%
Bogota
81%
Podgorica
80%
Poland
80%
Port-Vila
80%
Frankfort
80%
Portugal
80%
Port Louis
80%
France
80%
Freetown
80%
Porto-Novo
80%
Port-au-Prince
80%
Port Moresby
80%
Port-of-Spain
80%
Pennsylvania
79%
Peru
79%
Belgrade
78%
Belgium
78%
Beirut
78%
Belize
78%
Belarus
78%
Iraq
78%
Iran
78%
Belmopan
78%
Beijing
78%
Ireland
78%
Benin
78%
Berlin
78%
Bern
78%
Tegucigalpa
77%
Tennessee
77%
Tehran
77%
Texas
77%
Missouri
76%
Minsk
76%
Mississippi
76%
Sudan
76%
Sucre
76%
Michigan
76%
Suriname
76%
Suva
76%
Minnesota
76%
United Arab Emirates
75%
United States
75%
United Kingdom
75%
Springfield
75%
Spain
75%
Swaziland
75%
Sweden
75%
Switzerland
75%
Jackson
74%
Warsaw
74%
Japan
74%
Jamaica
74%
Jakarta
74%
Washington
74%
La Paz
74%
Washington
74%
Latvia
74%
Laos
74%
Lansing
74%
Tunis
73%
Turkmenistan
73%
Turkey
73%
Tunisia
73%
Tuvalu
73%
Banjul
72%
Nairobi
72%
Barbados
72%
Baton Rouge
72%
Basseterre
72%
Nassau
72%
Niger
72%
Nigeria
72%
Nicosia
72%
Nicaragua
72%
Bamako
72%
Niamey
72%
Bandar Seri Begawan
72%
Bangkok
72%
Bahrain
72%
Nashville
72%
Nauru
72%
Naypyidaw
72%
Bangladesh
72%
Bangui
72%
Namibia
72%
Baku
72%
Baghdad
72%
Finland
72%
Fiji
72%
Bahamas
72%
Angola
71%
Andorra
71%
Taiwan
71%
Tajikistan
71%
Taipei
71%
Antananarivo
71%
Andorra la Vella
71%
Annapolis
71%
Tallahassee
71%
Ankara
71%
Antigua and Barbuda
71%
Tashkent
71%
Tallinn
71%
Tanzania
71%
Tarawa
71%
Bulgaria
69%
Burkina Faso
69%
Bujumbura
69%
Vermont
69%
Venezuela
69%
Bucharest
69%
Budapest
69%
Buenos Aires
69%
Burundi
69%
Vilnius
68%
Vientiane
68%
Vienna
68%
Victoria
68%
Virginia
68%
Vietnam
68%
Lome
67%
Louisiana
67%
London
67%
Guinea
64%
Guyana
64%
Guatemala
64%
Guatemala City
64%
Guinea-Bissau
64%
Egypt
62%
Serbia
62%
Seoul
62%
Seychelles
62%
Senegal
62%
Kenya
60%
Kentucky
60%
Iceland
60%
Togo
59%
Tokyo
59%
Topeka
59%
Ukraine
59%
Tonga
59%
Hanoi
58%
Harare
58%
Haiti
58%
Havana
58%
Hawaii
58%
Harrisburg
58%
Hartford
58%
Romania
55%
Rome
55%
Roseau
55%
Philippines
55%
Phnom Penh
55%
Phoenix
55%
Yemen
55%
Yerevan
55%
Rep. of the Congo
54%
Thimphu
54%
Thailand
54%
Reykjavik
54%
Kiribati
53%
Kingston
53%
Kigali
53%
Ecuador
53%
Kiev
53%
Kinshasa
53%
Kingstown
53%
Cuba
53%
Italy
52%
Uruguay
52%
Oregon
51%
Wisconsin
51%
Windhoek
51%
Afghanistan
50%
Honduras
49%
Honiara
49%
Honolulu
49%
Central African
Republic
48%
Oman
48%
Ethiopia
48%
Florida
48%
Vaduz
47%
Vanuatu
47%
Valletta
47%
Vatican City
47%
Zagreb
47%
Vatican City
47%
Zambia
47%
Grenada
46%
Helena
46%
West Virginia
46%
Wellington
46%
Helsinki
46%
Idaho
46%
Greece
46%
Gaborone
45%
Gambia
45%
Gabon
45%
Lusaka
44%
Dodoma
44%
Luanda
44%
Luxembourg
44%
Dover
44%
Doha
44%
Dominican Republic
44%
Luxembourg
44%
Astana
44%
Singapore
44%
Asmara
44%
Dominica
44%
Asuncion
44%
Ashgabat
44%
Sierra Leone
44%
Singapore
44%
Dublin
43%
Stockholm
43%
Dushanbe
43%
Bissau
43%
Bishkek
43%
Bismarck
43%
Oklahoma
42%
Riyadh
42%
Oklahoma City
42%
Riga
42%
Zimbabwe
42%
Myanmar
42%
Kyrgyzstan
42%
Richmond
42%
Wyoming
41%
Syria
40%
Uzbekistan
40%
Sri J. Kotte
40%
Raleigh
40%
Rabat
40%
Sri Lanka
40%
Illinois
39%
Utah
39%
Amman
39%
Amsterdam
39%
Jordan
38%
Estonia
38%
Eritrea
38%
Lebanon
38%
Lesotho
38%
Israel
37%
Pretoria
37%
Prague
37%
Islamabad
37%
Atlanta
37%
Praia
37%
Pristina
37%
Providence
37%
Athens
37%
Juba
36%
Dakar
36%
Juneau
36%
Damascus
36%
Kuala Lumpur
35%
Trinidad and Tobago
35%
Kuwait City
35%
Tripoli
35%
Kuwait
35%
Trenton
35%
Iowa
35%
Slovakia
35%
Ghana
35%
Slovenia
35%
Hungary
34%
Jerusalem
33%
Jefferson City
33%
Abuja
32%
Ohio
32%
Abu Dhabi
32%
Pierre
31%
Muscat
31%
Azerbaijan
31%
Djibouti
30%
Djibouti
30%
Quito
30%
Czech Republic
30%
Bhutan
30%
Kosovo
30%
Oslo
29%
Croatia
29%
Uganda
29%
Federated States of
Micronesia
28%
El Salvador
27%
Equatorial Guinea
26%
Dili
26%
Tirana
25%
Qatar
25%
Ottawa
24%
Pyongyang
24%
Addis Ababa
24%
Rwanda
23%
Nuku'alofa
23%
Yamoussoukro
22%
Olympia
22%
Accra
22%
Yaounde
22%
Cyprus
22%
Yaren
22%
East Timor
21%
Khartoum
20%
Rhode Island
19%
Dhaka
19%
Ulaanbaatar
19%
Apia
18%
Funafuti
18%
Bloemfontein
16%
N'Djamena
16%
Skopje
16%
Mbabane
15%
Ljubljana
15%
Ouagadougou
13%
Tbilisi
12%

Score Distribution

Percentile by Number Answered

Percent of People with Each Score

Your Score History

You have not taken this quiz